|
|
|
|
| LEADER |
00000nab a2200000 4500 |
| 001 |
vtls011903869 |
| 003 |
SK-MaSNL |
| 005 |
20260318122211.0 |
| 008 |
191128|2019 xo |||| || ||00 0|hun |
| 015 |
|
|
|a SNBRB2019/11
|
| 040 |
|
|
|a DSZK
|b slo
|c DSZK
|e rda
|
| 041 |
|
|
|a hun
|
| 043 |
|
|
|a e-xo---
|
| 044 |
|
|
|a xo
|c SK
|
| 072 |
|
7 |
|a 612
|x Fyziológia človeka a porovnávacia fyziológia
|2 konspekt
|
| 080 |
|
|
|a 612.11/.12:364-646.3(437.6)
|2 2011
|
| 100 |
1 |
|
|a Bazsó, Tímea
|4 aut
|9 1086332
|
| 245 |
1 |
0 |
|a Teltházas véradás - összefogás Dorkáért
|c Bazsó Tímea
|
| 300 |
|
|
|b Fotografie
|
| 336 |
|
|
|a text
|b txt
|2 rdacontent
|
| 337 |
|
|
|a bez média
|b n
|2 rdamedia
|
| 338 |
|
|
|a zväzok
|b nc
|2 rdacarrier
|
| 546 |
|
|
|a Dvojjazyčné vydanie
|
| 610 |
2 |
7 |
|a Slovenský Červený kríž.
|b Miestny spolok Dunajský Klátov
|2 dszk
|9 203571
|
| 650 |
0 |
7 |
|a darcovstvo krvi
|2 SNKPH
|9 16625
|
| 650 |
0 |
7 |
|a benefičné podujatia
|2 SNKPH
|9 222651
|
| 651 |
|
7 |
|a Dunajský Klátov (Slovensko)
|2 SNKPHgeo
|9 99284
|
| 773 |
0 |
|
|t Csallóköz
|g Évf. 59, sz. 48 (2019), o. 3
|x 1336-3638
|
| 852 |
|
|
|a DSZK
|b KIS3GCP
|
| 958 |
|
|
|a SK
|
| 958 |
|
|
|a HU
|
| 958 |
|
|
|a RG
|
| 999 |
|
|
|c 3197658
|d 3199588
|